• 首页
  • 本馆介绍
  • 公告通知
  • 最新文献
  • 馆藏检索
  • 电子资源
  • 读者导购
  • 参考咨询
  • 我的图书馆
  • 登录
  • 详细信息显示
  • 放入我的书架
  • 预约/预借图书
  • 作者相关作品
  • 分类相关作品
  • 丛书相关作品
  • 出版社相关作品

书目信息

  • 表格格式
  • 工作单格式
  • 卡片格式
题名:
材料成形与机械制造技术基础
    
 
作者: 赵敖生 , 沈其文 主编 ;宜沈平 , 王海巧 参编
分册:   机械制造分册
出版信息: 武汉   华中科技大学出版社  2019
页数: 403页
开本: 24cm
丛书名: 21世纪高等学校机械设计制造及其自动化专业系列教材
单 册:
中图分类: TB3 , TH16
科图分类:
主题词: 工程材料--gong cheng cai liao--成型--高等学校--教材 , 机械制造工艺--ji xie zhi zao gong yi--高等学校--教材
电子资源:
ISBN: 978-7-5680-0964-5
000 01708nam 2200373 45
001 012001003061
005 20140126155226.0
010    @a978-7-5680-0964-5@dCNY48.00
099    @aCAL 012015122130
100    @a20150910d2015 em y0chiy50 ea
101 0  @achi
102    @aCN@b420000
105    @aak a 000yy
106    @ar
200 1  @a材料成形与机械制造技术基础@Acai liao cheng xing yu ji xie zhi zao ji shu ji chu@i机械制造分册@f主编赵敖生, 沈其文@g参编宜沈平 ... [等]
210    @a武汉@c华中科技大学出版社@d2019
215    @a403页@c图@d24cm
225 2  @a21世纪高等学校机械设计制造及其自动化专业系列教材@A21shi ji gao deng xue jiao ji xie she ji zhi zao ji ji zi dong hua zhuan ye ji lie jiao cai
300    @a普通高等教育“十一五”国家级规划教材 面向21世纪课程教材
304    @a题名页题: 参编宜沈平, 王海巧, 徐伟, 刘凯
320    @a有书目 (第402-403页)
330    @a本教材对传统的金属工艺学内容进行的精选, 并以零件机械加工方法和机械加工工艺为主要内容, 编入了新材料、新工艺、新技术的内容, 包括对新型工程材料的切削加工以及高速、超高速机械加工等反映当今机械加工最新科技成果的内容, 还编入了现代制造技术、表面工程技术和机械制造过程自动化等章节。
410  0 @12001@a21世纪高等学校机械设计制造及其自动化专业系列教材
517 1  @a机械制造分册@Aji xie zhi zao fen ce
606 0  @a工程材料@Agong cheng cai liao@x成型@x高等学校@j教材
606 0  @a机械制造工艺@Aji xie zhi zao gong yi@x高等学校@j教材
690    @aTB3@v5
690    @aTH16@v5
701  0 @a赵敖生@Azhao ao sheng@4主编
701  0 @a沈其文@Ashen ji wen@4主编
702  0 @a宜沈平@Ayi shen ping@4参编
702  0 @a王海巧@Awang hai qiao@4参编
801  2 @aCN@b北京卓展@c20191020
905    @b1210253-6@dTB3@e523@f4
    
    材料成形与机械制造技术基础.机械制造分册/主编赵敖生, 沈其文/参编宜沈平 ... [等].-武汉:华中科技大学出版社,2019
    403页:图;24cm.-(21世纪高等学校机械设计制造及其自动化专业系列教材)
    普通高等教育“十一五”国家级规划教材 面向21世纪课程教材
    
    ISBN 978-7-5680-0964-5:CNY48.00
    本教材对传统的金属工艺学内容进行的精选, 并以零件机械加工方法和机械加工工艺为主要内容, 编入了新材料、新工艺、新技术的内容, 包括对新型工程材料的切削加工以及高速、超高速机械加工等反映当今机械加工最新科技成果的内容, 还编入了现代制造技术、表面工程技术和机械制造过程自动化等章节。
●
相关链接 在E读中查询图书 在五车中查询图书 在当当中查询图书 在豆瓣中查询图书


正题名:材料成形与机械制造技术基础     索取号:TB3/523         预约/预借

序号 登录号 条形码 馆藏地/架位号 状态 备注
1 1210253   212102534   第二样本阅览室/ [索取号:TB3/523] 在馆    
2 1210254   212102543   第三借阅区/ [索取号:TB3/523] 在馆    
3 1210255   212102552   第三借阅区/ [索取号:TB3/523] 在馆    
4 1210256   212102561   第三借阅区/ [索取号:TB3/523] 在馆    
唐山师范学院图书馆 欢迎您!
大连网信软件有限公司© 版权所有